[Event "Deutsche Ländermeisterschaft 2014"]
[Site "Hannover GER"]
[Date "2014.10.04"]
[Round "2"]
[White "Carow, Johannes"]
[Black "Koop, Thorben"]
[Result "1-0"]
[Termination "normal"]
[Board "1.1"]
[WhiteTitle "FM"]
[WhiteElo "2380"]
[BlackElo "2402"]
[WhiteClock "00:32:48"]
[BlackClock "00:19:07"]
[WhiteTeam "Rheinland-Pfalz"]
[BlackTeam "Niedersachsen 1"]
[PlyCount "53"]
[WhiteFideId "24692050"]
[BlackFideId "24661619"]
[EventCountry "GER"]
[EventRounds "7"]
[EventType "team-swiss"]
[EventDate "2014.10.02"]

1. d4 {[%clk 1:30:57]} Nf6 {[%clk 1:30:54]} 2. c4 {[%clk 1:31:11]} g6 {[%clk
1:31:13]} 3. Nc3 {[%clk 1:31:17]} d5 {[%clk 1:31:38]} 4. Nf3 {[%clk 1:31:24]}
Bg7 {[%clk 1:32:01]} 5. Qb3 {[%clk 1:31:30]} dxc4 {[%clk 1:31:17]} 6. Qxc4
{[%clk 1:31:49]} O-O {[%clk 1:27:11]} 7. e4 {[%clk 1:31:40]} a6 {[%clk
1:26:46]} 8. Be2 {[%clk 1:31:23]} b5 {[%clk 1:26:25]} 9. Qb3 {[%clk 1:30:36]}
c5 {[%clk 1:26:29]} 10. dxc5 {[%clk 1:30:14]} Be6 {[%clk 1:26:29]} 11. Qc2
{[%clk 1:29:36]} Nbd7 {[%clk 1:26:25]} 12. Be3 {[%clk 1:29:06]} Rc8 {[%clk
1:25:01]} 13. Rd1 {[%clk 1:28:16]} b4 {[%clk 1:23:31]} 14. Nd5 {[%clk 1:24:43]}
Bxd5 {[%clk 1:23:39]} 15. exd5 {[%clk 1:24:59]} Nxc5 {[%clk 1:23:18]} 16. O-O
{[%clk 1:24:21]} Nfe4 {[%clk 1:05:22]} 17. Bxa6 {[%clk 1:06:35]} Nxa6 {[%clk
0:59:49]} 18. Qxe4 {[%clk 1:05:36]} Bxb2 {[%clk 0:48:31]} 19. Ng5 {[%clk
0:56:02]} Qd7 {[%clk 0:43:37]} 20. Qh4 {[%clk 0:52:42]} h5 {[%clk 0:43:12]} 21.
Ne4 {[%clk 0:52:32]} Rfe8 {[%clk 0:26:02]} 22. d6 {[%clk 0:48:29]} exd6 {[%clk
0:21:51]} 23. Nxd6 {[%clk 0:45:19]} Rcd8 {[%clk 0:20:52]} 24. Bg5 {[%clk
0:33:02]} f6 {[%clk 0:19:23]} 25. Bxf6 {[%clk 0:32:08]} Bxf6 {[%clk 0:19:04]}
26. Qxf6 {[%clk 0:32:26]} Re6 {[%clk 0:19:07]} 27. Ne4 {[%clk 0:32:48]} 1-0

[Event "Deutsche Ländermeisterschaft 2014"]
[Site "Hannover GER"]
[Date "2014.10.04"]
[Round "2"]
[White "Schreiner, Till"]
[Black "Yankelevich, Lev"]
[Result "1-0"]
[Termination "normal"]
[Board "1.2"]
[WhiteTitle "FM"]
[WhiteElo "2298"]
[BlackElo "2362"]
[WhiteClock "00:04:22"]
[BlackClock "00:02:36"]
[WhiteTeam "Niedersachsen 1"]
[BlackTeam "Rheinland-Pfalz"]
[PlyCount "81"]
[WhiteFideId "24675555"]
[BlackFideId "24684074"]
[EventCountry "GER"]
[EventRounds "7"]
[EventType "team-swiss"]
[EventDate "2014.10.02"]

1. d4 {[%clk 1:30:59]} Nf6 {[%clk 1:30:52]} 2. c4 {[%clk 1:31:23]} g6 {[%clk
1:31:13]} 3. Nc3 {[%clk 1:31:47]} d5 {[%clk 1:31:37]} 4. Nf3 {[%clk 1:31:45]}
Bg7 {[%clk 1:31:43]} 5. cxd5 {[%clk 1:30:13]} Nxd5 {[%clk 1:32:03]} 6. e4
{[%clk 1:30:33]} Nxc3 {[%clk 1:32:20]} 7. bxc3 {[%clk 1:30:59]} c5 {[%clk
1:31:32]} 8. Rb1 {[%clk 1:24:42]} O-O {[%clk 1:29:50]} 9. Be2 {[%clk 1:24:15]}
b6 {[%clk 1:10:48]} 10. O-O {[%clk 1:24:28]} Bb7 {[%clk 1:05:00]} 11. d5 {[%clk
1:24:00]} Bxc3 {[%clk 1:03:06]} 12. h4 {[%clk 1:23:44]} Nd7 {[%clk 0:55:07]}
13. h5 {[%clk 1:19:59]} Bg7 {[%clk 0:52:48]} 14. Qb3 {[%clk 1:01:23]} Nf6
{[%clk 0:47:03]} 15. Ng5 {[%clk 0:48:43]} Nxe4 {[%clk 0:32:11]} 16. Nxe4 {[%clk
0:45:07]} Bxd5 {[%clk 0:32:05]} 17. Qc2 {[%clk 0:44:00]} Qc7 {[%clk 0:31:27]}
18. h6 {[%clk 0:37:56]} Bd4 {[%clk 0:30:53]} 19. Rd1 {[%clk 0:36:41]} Qe5
{[%clk 0:30:03]} 20. Bf3 {[%clk 0:34:20]} Rad8 {[%clk 0:27:02]} 21. Bd2 {[%clk
0:29:24]} Qf5 {[%clk 0:19:48]} 22. Re1 {[%clk 0:25:13]} e5 {[%clk 0:12:28]} 23.
a4 {[%clk 0:20:51]} Qe6 {[%clk 0:06:46]} 24. a5 {[%clk 0:16:31]} f6 {[%clk
0:04:20]} 25. Bc3 {[%clk 0:14:08]} Rc8 {[%clk 0:03:13]} 26. Rb2 {[%clk
0:08:35]} bxa5 {[%clk 0:02:34]} 27. Ra1 {[%clk 0:05:18]} Kh8 {[%clk 0:02:11]}
28. Rxa5 {[%clk 0:05:22]} a6 {[%clk 0:01:30]} 29. Ra1 {[%clk 0:04:13]} Kg8
{[%clk 0:00:49]} 30. Rab1 {[%clk 0:04:33]} c4 {[%clk 0:01:09]} 31. Rd1 {[%clk
0:04:17]} Bxe4 {[%clk 0:00:42]} 32. Bxe4 Rfd8 33. Bxg6 {[%clk 0:04:04]} Bxc3
{[%clk 0:01:21]} 34. Rxd8+ {[%clk 0:04:16]} Rxd8 {[%clk 0:01:51]} 35. Bxh7+
{[%clk 0:03:51]} Kh8 {[%clk 0:02:10]} 36. Bf5 {[%clk 0:04:00]} Qd5 {[%clk
0:00:54]} 37. Qxc3 Qd1+ 38. Kh2 {[%clk 0:04:37]} Qd4 {[%clk 0:01:48]} 39. Qg3
{[%clk 0:04:21]} Qf4 {[%clk 0:02:07]} 40. Qxf4 {[%clk 0:04:26]} exf4 {[%clk
0:02:36]} 41. Rb6 {[%clk 0:04:22]} 1-0

[Event "Deutsche Ländermeisterschaft 2014"]
[Site "Hannover GER"]
[Date "2014.10.04"]
[Round "2"]
[White "Sieber, Fiona"]
[Black "Muckle, Julius"]
[Result "1-0"]
[Termination "normal"]
[Board "1.4"]
[WhiteElo "1942"]
[BlackElo "1995"]
[WhiteClock "00:12:04"]
[BlackClock "00:38:44"]
[WhiteTeam "Niedersachsen 1"]
[BlackTeam "Rheinland-Pfalz"]
[PlyCount "87"]
[WhiteFideId "12902373"]
[BlackFideId "12942430"]
[EventCountry "GER"]
[EventRounds "7"]
[EventType "team-swiss"]
[EventDate "2014.10.02"]

1. e4 {[%clk 1:30:59]} e6 {[%clk 1:30:56]} 2. d4 {[%clk 1:31:25]} d5 {[%clk
1:31:22]} 3. Nc3 {[%clk 1:31:50]} dxe4 {[%clk 1:31:38]} 4. Nxe4 {[%clk
1:32:13]} Bd7 {[%clk 1:32:03]} 5. Nf3 {[%clk 1:32:13]} Bc6 {[%clk 1:32:21]} 6.
Bd3 {[%clk 1:32:17]} Nd7 {[%clk 1:32:46]} 7. O-O {[%clk 1:32:20]} Ngf6 {[%clk
1:33:10]} 8. Ned2 {[%clk 1:32:10]} Be7 {[%clk 1:32:52]} 9. c4 {[%clk 1:30:29]}
Nc5 {[%clk 1:31:17]} 10. Bc2 {[%clk 1:20:01]} Nce4 {[%clk 1:31:11]} 11. Ne5
{[%clk 1:17:43]} Nxd2 {[%clk 1:27:18]} 12. Nxc6 {[%clk 1:16:48]} bxc6 {[%clk
1:27:36]} 13. Qxd2 {[%clk 1:17:11]} O-O {[%clk 1:27:58]} 14. Rd1 {[%clk
1:03:44]} c5 {[%clk 1:24:06]} 15. dxc5 {[%clk 1:02:18]} Bxc5 {[%clk 1:22:13]}
16. Qe2 {[%clk 0:58:32]} Qe7 {[%clk 1:22:02]} 17. Bg5 {[%clk 0:58:53]} Rfd8
{[%clk 1:20:47]} 18. Bxf6 {[%clk 0:42:14]} Qxf6 {[%clk 1:19:41]} 19. Bxh7+
{[%clk 0:42:32]} Kxh7 {[%clk 1:20:04]} 20. Qh5+ {[%clk 0:43:00]} Kg8 {[%clk
1:20:24]} 21. Qxc5 {[%clk 0:43:26]} Qxb2 {[%clk 1:19:48]} 22. Qxc7 {[%clk
0:42:31]} Rd2 {[%clk 1:18:54]} 23. Qf4 {[%clk 0:30:55]} Rad8 {[%clk 1:18:42]}
24. Qf3 {[%clk 0:26:28]} Qf6 {[%clk 1:16:43]} 25. Rdc1 {[%clk 0:23:04]} Qb2
{[%clk 1:16:24]} 26. h3 {[%clk 0:21:57]} Rc2 {[%clk 1:16:18]} 27. Rd1 {[%clk
0:19:56]} Rcd2 {[%clk 1:09:24]} 28. c5 {[%clk 0:18:17]} R8d3 {[%clk 0:54:06]}
29. Qa8+ {[%clk 0:16:37]} Rd8 {[%clk 0:54:08]} 30. Qxd8+ {[%clk 0:15:51]} Rxd8
{[%clk 0:53:40]} 31. Rxd8+ {[%clk 0:16:19]} Kh7 {[%clk 0:54:03]} 32. Rdd1
{[%clk 0:16:21]} Qb5 {[%clk 0:53:05]} 33. Rac1 {[%clk 0:14:49]} Qc6 {[%clk
0:48:37]} 34. Rd6 {[%clk 0:14:55]} Qc7 {[%clk 0:48:41]} 35. c6 {[%clk 0:14:39]}
f5 {[%clk 0:45:00]} 36. g3 {[%clk 0:11:46]} f4 {[%clk 0:44:45]} 37. Rd7 {[%clk
0:12:04]} Qb6 {[%clk 0:41:53]} 38. c7 {[%clk 0:11:05]} fxg3 {[%clk 0:39:33]}
39. Rd2 {[%clk 0:10:49]} gxf2+ {[%clk 0:38:42]} 40. Rxf2 {[%clk 0:11:05]} Qe3
{[%clk 0:38:34]} 41. c8=Q {[%clk 0:11:26]} Qg3+ {[%clk 0:38:51]} 42. Rg2 {[%clk
0:11:40]} Qe3+ {[%clk 0:39:15]} 43. Kh2 {[%clk 0:12:04]} Qf4+ {[%clk 0:38:44]}
44. Kh1 1-0

[Event "Deutsche Ländermeisterschaft 2014"]
[Site "Hannover GER"]
[Date "2014.10.04"]
[Round "2"]
[White "Schwarz, Larissa"]
[Black "Ewert, Hannes"]
[Result "0-1"]
[Termination "normal"]
[Board "1.5"]
[WhiteElo "1951"]
[BlackElo "1931"]
[WhiteClock "00:01:34"]
[BlackClock "00:07:50"]
[WhiteTeam "Rheinland-Pfalz"]
[BlackTeam "Niedersachsen 1"]
[PlyCount "170"]
[WhiteFideId "24699004"]
[BlackFideId "12961574"]
[EventCountry "GER"]
[EventRounds "7"]
[EventType "team-swiss"]
[EventDate "2014.10.02"]

1. e4 {[%clk 1:30:55]} c5 {[%clk 1:30:45]} 2. Nf3 {[%clk 1:29:46]} d6 {[%clk
1:31:08]} 3. Bb5+ {[%clk 1:28:21]} Nd7 {[%clk 1:31:25]} 4. d4 {[%clk 1:26:32]}
cxd4 {[%clk 1:31:05]} 5. Nxd4 {[%clk 1:26:53]} a6 {[%clk 1:30:17]} 6. Be2
{[%clk 1:24:30]} Ngf6 {[%clk 1:27:34]} 7. Nc3 {[%clk 1:22:26]} e6 {[%clk
1:24:58]} 8. Be3 {[%clk 1:16:15]} Qc7 {[%clk 1:21:55]} 9. Qd2 {[%clk 1:05:55]}
b5 {[%clk 1:19:46]} 10. a3 {[%clk 1:01:02]} Bb7 {[%clk 1:19:04]} 11. f3 {[%clk
0:58:15]} Be7 {[%clk 1:15:34]} 12. Nb3 {[%clk 0:52:16]} O-O {[%clk 1:07:42]}
13. O-O {[%clk 0:48:03]} Rfd8 {[%clk 0:59:13]} 14. Bd3 {[%clk 0:40:11]} Ne5
{[%clk 0:54:36]} 15. Qf2 {[%clk 0:38:07]} Nfd7 {[%clk 0:50:24]} 16. Qg3 {[%clk
0:33:43]} Rac8 {[%clk 0:40:24]} 17. f4 {[%clk 0:31:25]} Nxd3 {[%clk 0:31:46]}
18. cxd3 {[%clk 0:31:51]} Nc5 {[%clk 0:31:41]} 19. Bd4 {[%clk 0:28:39]} f6
{[%clk 0:28:52]} 20. Nd2 {[%clk 0:26:05]} d5 {[%clk 0:27:16]} 21. e5 {[%clk
0:24:56]} f5 {[%clk 0:26:25]} 22. Rac1 {[%clk 0:23:16]} Qb8 {[%clk 0:22:29]}
23. Kh1 {[%clk 0:22:10]} Kf7 {[%clk 0:19:43]} 24. Qh3 {[%clk 0:19:34]} h6
{[%clk 0:15:47]} 25. g4 {[%clk 0:16:01]} fxg4 {[%clk 0:14:01]} 26. Qxg4 {[%clk
0:16:22]} g6 {[%clk 0:13:36]} 27. Rg1 {[%clk 0:14:17]} Rg8 {[%clk 0:13:14]} 28.
Qh3 {[%clk 0:14:30]} h5 {[%clk 0:10:41]} 29. Rcf1 {[%clk 0:13:47]} Rcf8 {[%clk
0:09:02]} 30. Rg3 {[%clk 0:11:00]} Nd7 {[%clk 0:06:57]} 31. Rfg1 {[%clk
0:10:07]} Bc8 {[%clk 0:04:33]} 32. Qg2 {[%clk 0:09:10]} g5 {[%clk 0:03:29]} 33.
fxg5 {[%clk 0:08:03]} Nxe5 {[%clk 0:02:33]} 34. g6+ {[%clk 0:07:22]} Ke8 {[%clk
0:02:02]} 35. g7 {[%clk 0:05:08]} Rf5 {[%clk 0:01:38]} 36. Bxe5 {[%clk
0:02:57]} Qxe5 {[%clk 0:01:34]} 37. Nf3 {[%clk 0:02:55]} Qf6 {[%clk 0:01:24]}
38. Rg6 {[%clk 0:02:00]} Qf7 {[%clk 0:01:53]} 39. Nd4 {[%clk 0:01:49]} Rf2
{[%clk 0:01:51]} 40. Qg3 {[%clk 0:01:24]} Rf4 {[%clk 0:00:38]} 41. Nce2 {[%clk
0:20:07]} Rf6 {[%clk 0:25:56]} 42. Rxf6 {[%clk 0:07:49]} Bxf6 {[%clk 0:25:22]}
43. Rc1 {[%clk 0:05:38]} Bd7 {[%clk 0:23:24]} 44. Nc6 {[%clk 0:03:41]} Qxg7
{[%clk 0:20:34]} 45. Qf3 {[%clk 0:02:39]} Qg4 {[%clk 0:19:53]} 46. Qxg4 {[%clk
0:02:51]} Rxg4 {[%clk 0:20:06]} 47. d4 {[%clk 0:02:30]} Bg5 {[%clk 0:16:03]}
48. Rc3 {[%clk 0:01:31]} Bf4 {[%clk 0:14:47]} 49. h3 {[%clk 0:01:21]} Rh4
{[%clk 0:15:02]} 50. Kg2 {[%clk 0:01:49]} Bd6 {[%clk 0:14:33]} 51. Nb4 {[%clk
0:01:33]} a5 {[%clk 0:13:44]} 52. Nd3 {[%clk 0:01:50]} b4 {[%clk 0:13:20]} 53.
axb4 {[%clk 0:02:14]} axb4 {[%clk 0:13:48]} 54. Rc1 {[%clk 0:01:36]} Bb5 {[%clk
0:13:04]} 55. Rd1 {[%clk 0:01:56]} Ke7 {[%clk 0:12:32]} 56. Rd2 {[%clk
0:02:00]} Kf6 {[%clk 0:11:46]} 57. Ndc1 {[%clk 0:02:17]} Bf4 {[%clk 0:11:01]}
58. Nxf4 {[%clk 0:02:13]} Rxf4 {[%clk 0:11:30]} 59. Nb3 {[%clk 0:02:06]} Kf5
{[%clk 0:11:07]} 60. Nc5 {[%clk 0:01:22]} Bf1+ {[%clk 0:11:00]} 61. Kg3 {[%clk
0:01:10]} h4+ {[%clk 0:10:48]} 62. Kh2 {[%clk 0:01:38]} Rf3 {[%clk 0:10:36]}
63. Kg1 {[%clk 0:01:46]} Bxh3 {[%clk 0:10:43]} 64. Rf2 {[%clk 0:01:45]} Kf4
{[%clk 0:10:00]} 65. Nd3+ {[%clk 0:01:20]} Kg3 {[%clk 0:09:55]} 66. Rxf3+
{[%clk 0:01:42]} Kxf3 {[%clk 0:10:23]} 67. Kh2 {[%clk 0:02:01]} Bf5 {[%clk
0:10:30]} 68. Nxb4 {[%clk 0:02:25]} Ke3 {[%clk 0:10:25]} 69. Nc6 {[%clk
0:02:18]} Kd3 {[%clk 0:10:43]} 70. b4 {[%clk 0:01:45]} Kc4 {[%clk 0:11:05]} 71.
Ne5+ {[%clk 0:01:57]} Kxd4 {[%clk 0:10:27]} 72. Nf3+ {[%clk 0:02:00]} Kc4
{[%clk 0:10:54]} 73. Nxh4 {[%clk 0:02:20]} Kxb4 {[%clk 0:11:09]} 74. Nf3 {[%clk
0:02:21]} Kc3 {[%clk 0:11:30]} 75. Kg3 {[%clk 0:02:42]} d4 {[%clk 0:10:24]} 76.
Kf4 {[%clk 0:02:36]} Bh3 {[%clk 0:08:01]} 77. Ng1 {[%clk 0:01:35]} Bf1 {[%clk
0:07:24]} 78. Nf3 {[%clk 0:01:14]} Be2 {[%clk 0:07:01]} 79. Ng1 {[%clk
0:01:06]} Bh5 {[%clk 0:07:23]} 80. Nh3 {[%clk 0:01:09]} d3 {[%clk 0:06:52]} 81.
Nf2 {[%clk 0:01:05]} d2 {[%clk 0:07:07]} 82. Ke5 {[%clk 0:01:21]} Bg4 {[%clk
0:07:30]} 83. Kf4 {[%clk 0:00:46]} d1=Q {[%clk 0:07:11]} 84. Nxd1+ {[%clk
0:01:13]} Bxd1 {[%clk 0:07:29]} 85. Ke5 {[%clk 0:01:34]} Bb3 {[%clk 0:07:50]}
0-1

[Event "Deutsche Ländermeisterschaft 2014"]
[Site "Hannover GER"]
[Date "2014.10.04"]
[Round "2"]
[White "Bruns, Kai-Christian"]
[Black "Sanati, Charlotte"]
[Result "1-0"]
[Termination "normal"]
[Board "1.6"]
[WhiteElo "1878"]
[BlackElo "1772"]
[WhiteClock "00:29:49"]
[BlackClock "00:17:46"]
[WhiteTeam "Niedersachsen 1"]
[BlackTeam "Rheinland-Pfalz"]
[PlyCount "95"]
[WhiteFideId "12938025"]
[BlackFideId "12907707"]
[EventCountry "GER"]
[EventRounds "7"]
[EventType "team-swiss"]
[EventDate "2014.10.02"]

1. Nf3 {[%clk 1:30:58]} d5 {[%clk 1:30:54]} 2. g3 {[%clk 1:31:22]} Nf6 {[%clk
1:31:17]} 3. Bg2 {[%clk 1:31:46]} c6 {[%clk 1:31:37]} 4. O-O {[%clk 1:31:47]}
Bg4 {[%clk 1:31:57]} 5. d3 {[%clk 1:29:13]} Nbd7 {[%clk 1:32:05]} 6. Nbd2
{[%clk 1:28:37]} e5 {[%clk 1:32:10]} 7. c4 {[%clk 1:27:05]} Bc5 {[%clk
1:24:51]} 8. cxd5 {[%clk 1:22:51]} cxd5 {[%clk 1:22:58]} 9. Qa4 {[%clk
1:22:56]} O-O {[%clk 1:19:46]} 10. e4 {[%clk 1:11:11]} dxe4 {[%clk 1:12:31]}
11. Nxe4 {[%clk 1:09:13]} Nxe4 {[%clk 0:58:20]} 12. Qxe4 {[%clk 1:07:58]} Nf6
{[%clk 0:50:19]} 13. Qxb7 {[%clk 1:02:02]} Rb8 {[%clk 0:41:50]} 14. Qa6 {[%clk
0:58:41]} Re8 {[%clk 0:36:59]} 15. b3 {[%clk 0:54:48]} Re6 {[%clk 0:32:52]} 16.
Qc4 {[%clk 0:54:22]} Rc8 {[%clk 0:31:31]} 17. Qb5 {[%clk 0:52:26]} Rb6 {[%clk
0:29:44]} 18. Qa4 {[%clk 0:46:56]} Bxf3 {[%clk 0:28:38]} 19. Bxf3 {[%clk
0:47:12]} Qxd3 {[%clk 0:27:12]} 20. Bg2 {[%clk 0:42:45]} Bd4 {[%clk 0:26:43]}
21. Be3 {[%clk 0:38:43]} Bxe3 {[%clk 0:17:18]} 22. fxe3 {[%clk 0:38:20]} Qxe3+
{[%clk 0:17:37]} 23. Kh1 {[%clk 0:38:40]} Rd6 {[%clk 0:12:30]} 24. Rae1 {[%clk
0:34:23]} Qc5 {[%clk 0:10:50]} 25. Qh4 {[%clk 0:28:44]} Rd4 {[%clk 0:09:00]}
26. Qg5 {[%clk 0:26:20]} Qd6 {[%clk 0:04:00]} 27. Rxe5 {[%clk 0:17:13]} Rd1
{[%clk 0:03:33]} 28. Ree1 {[%clk 0:16:46]} Rxe1 {[%clk 0:03:34]} 29. Rxe1
{[%clk 0:17:13]} Rc5 {[%clk 0:02:59]} 30. Qe3 {[%clk 0:17:18]} h6 {[%clk
0:03:07]} 31. b4 {[%clk 0:15:22]} Rc2 {[%clk 0:03:01]} 32. a3 {[%clk 0:15:26]}
a6 {[%clk 0:02:59]} 33. Qf3 {[%clk 0:13:55]} Qd2 {[%clk 0:02:13]} 34. Rf1
{[%clk 0:12:30]} Rc1 {[%clk 0:02:03]} 35. Qa8+ {[%clk 0:11:11]} Kh7 {[%clk
0:02:25]} 36. Qxa6 {[%clk 0:11:35]} Ng4 {[%clk 0:01:11]} 37. Rxc1 {[%clk
0:04:24]} Qxc1+ {[%clk 0:01:22]} 38. Qf1 {[%clk 0:04:37]} Qe3 {[%clk 0:00:47]}
39. h3 {[%clk 0:04:20]} Nf6 {[%clk 0:00:46]} 40. Qf3 {[%clk 0:04:25]} Qc1+
{[%clk 0:00:57]} 41. Kh2 {[%clk 0:04:23]} Qb2 {[%clk 0:25:07]} 42. Qd3+ {[%clk
0:33:40]} g6 {[%clk 0:22:36]} 43. b5 {[%clk 0:33:41]} Qf2 {[%clk 0:20:36]} 44.
a4 {[%clk 0:30:58]} Qb6 {[%clk 0:20:07]} 45. Qc4 {[%clk 0:30:19]} Kg7 {[%clk
0:20:07]} 46. Qc6 {[%clk 0:29:44]} Qd8 {[%clk 0:18:54]} 47. b6 {[%clk 0:29:45]}
Nd7 {[%clk 0:17:46]} 48. a5 {[%clk 0:29:49]} 1-0

[Event "Deutsche Ländermeisterschaft 2014"]
[Site "Hannover GER"]
[Date "2014.10.04"]
[Round "2"]
[White "Yankelevich, Michael"]
[Black "ter Stal, Sven"]
[Result "1-0"]
[Termination "normal"]
[Board "1.7"]
[WhiteElo "1673"]
[BlackElo "1801"]
[WhiteClock "00:54:13"]
[BlackClock "00:14:34"]
[WhiteTeam "Rheinland-Pfalz"]
[BlackTeam "Niedersachsen 1"]
[PlyCount "105"]
[WhiteFideId "12921440"]
[BlackFideId "12946443"]
[EventCountry "GER"]
[EventRounds "7"]
[EventType "team-swiss"]
[EventDate "2014.10.02"]

1. e4 {[%clk 1:30:59]} c5 {[%clk 1:30:58]} 2. Nf3 {[%clk 1:31:21]} d6 {[%clk
1:31:23]} 3. d4 {[%clk 1:31:46]} cxd4 {[%clk 1:31:48]} 4. Nxd4 {[%clk 1:32:11]}
Nf6 {[%clk 1:32:14]} 5. Nc3 {[%clk 1:32:29]} g6 {[%clk 1:32:38]} 6. f4 {[%clk
1:32:53]} Nc6 {[%clk 1:30:52]} 7. Nb3 {[%clk 1:33:12]} Bg7 {[%clk 1:30:53]} 8.
Be2 {[%clk 1:33:14]} Qb6 {[%clk 1:28:10]} 9. Bf3 {[%clk 1:31:16]} O-O {[%clk
1:22:19]} 10. a3 {[%clk 1:29:59]} Bd7 {[%clk 1:03:33]} 11. Qd3 {[%clk 1:29:22]}
Rac8 {[%clk 0:57:42]} 12. Be3 {[%clk 1:29:24]} Qd8 {[%clk 0:57:11]} 13. Nd5
{[%clk 1:28:26]} Nxd5 {[%clk 0:56:32]} 14. exd5 {[%clk 1:28:55]} Na5 {[%clk
0:55:04]} 15. Nxa5 {[%clk 1:26:42]} Qxa5+ {[%clk 0:55:26]} 16. b4 {[%clk
1:25:19]} Qa4 {[%clk 0:54:28]} 17. Bd4 {[%clk 1:22:01]} Bb5 {[%clk 0:52:35]}
18. Qd2 {[%clk 1:21:41]} Rxc2 {[%clk 0:48:01]} 19. Qe3 {[%clk 1:21:30]} Bxd4
{[%clk 0:46:55]} 20. Qxd4 {[%clk 1:21:50]} Rc4 {[%clk 0:44:41]} 21. Qd2 {[%clk
1:17:57]} Rfc8 {[%clk 0:43:22]} 22. Bd1 {[%clk 1:18:02]} Re4+ {[%clk 0:41:35]}
23. Kf2 {[%clk 1:18:11]} Qa6 {[%clk 0:41:29]} 24. a4 {[%clk 1:18:23]} Rcc4
{[%clk 0:36:06]} 25. Bf3 {[%clk 1:17:27]} Qb6+ {[%clk 0:34:13]} 26. Kg3 {[%clk
1:17:36]} Red4 {[%clk 0:24:36]} 27. Qe3 {[%clk 1:17:25]} g5 {[%clk 0:21:58]}
28. Qxe7 {[%clk 1:16:23]} gxf4+ {[%clk 0:20:21]} 29. Kh4 {[%clk 1:16:24]} Rd3
{[%clk 0:15:50]} 30. Qg5+ {[%clk 1:15:25]} Kf8 {[%clk 0:15:33]} 31. Qh6+ {[%clk
1:15:26]} Kg8 {[%clk 0:15:43]} 32. axb5 {[%clk 1:14:58]} Qf2+ {[%clk 0:15:26]}
33. Kh5 {[%clk 1:15:06]} Rxf3 {[%clk 0:14:31]} 34. Qg5+ {[%clk 1:11:45]} Kf8
{[%clk 0:14:22]} 35. Qd8+ {[%clk 1:11:25]} Kg7 {[%clk 0:14:47]} 36. Qg5+ {[%clk
1:10:51]} Kf8 {[%clk 0:15:15]} 37. gxf3 {[%clk 0:58:30]} Qxf3+ {[%clk 0:15:33]}
38. Kh6 {[%clk 0:58:25]} Qh3+ {[%clk 0:14:40]} 39. Qh5 {[%clk 0:58:44]} Qc3
{[%clk 0:14:54]} 40. Rhg1 {[%clk 0:57:36]} Qf6+ {[%clk 0:13:41]} 41. Kxh7
{[%clk 0:57:56]} f3 {[%clk 0:13:47]} 42. Rg8+ {[%clk 0:57:07]} Ke7 {[%clk
0:14:05]} 43. Re1+ {[%clk 0:57:26]} Kd7 {[%clk 0:14:29]} 44. Qh3+ {[%clk
0:57:46]} Kc7 {[%clk 0:14:44]} 45. Qc8+ {[%clk 0:57:24]} Kb6 {[%clk 0:15:13]}
46. Qxc4 {[%clk 0:56:41]} f2 {[%clk 0:15:12]} 47. Qa2 {[%clk 0:54:13]} Qh4+
{[%clk 0:15:04]} 48. Kg7 {[%clk 0:54:18]} Qg5+ {[%clk 0:14:57]} 49. Kf8 {[%clk
0:53:49]} Qh6+ {[%clk 0:15:14]} 50. Rg7 {[%clk 0:53:37]} Qh8+ {[%clk 0:15:18]}
51. Kxf7 {[%clk 0:53:54]} Qh5+ {[%clk 0:15:39]} 52. Kg8 {[%clk 0:54:09]} Kxb5
{[%clk 0:14:34]} 53. Rxb7# {[%clk 0:54:13]} 1-0

[Event "Deutsche Ländermeisterschaft 2014"]
[Site "Hannover GER"]
[Date "2014.10.04"]
[Round "2"]
[White "Noe, Christopher"]
[Black "Schröder, Jan-Christian"]
[Result "1/2-1/2"]
[Termination "normal"]
[Board "2.1"]
[WhiteTitle "FM"]
[BlackTitle "FM"]
[WhiteElo "2330"]
[BlackElo "2388"]
[WhiteClock "00:31:26"]
[BlackClock "00:41:48"]
[WhiteTeam "Baden 1"]
[BlackTeam "Hessen 1"]
[PlyCount "41"]
[WhiteFideId "24692018"]
[BlackFideId "24662259"]
[EventCountry "GER"]
[EventRounds "7"]
[EventType "team-swiss"]
[EventDate "2014.10.02"]

1. f4 {[%clk 1:30:58]} d5 {[%clk 1:30:03]} 2. b3 {[%clk 1:31:10]} Nf6 {[%clk
1:26:32]} 3. Bb2 {[%clk 1:31:13]} c5 {[%clk 1:26:25]} 4. e3 {[%clk 1:31:04]}
Nc6 {[%clk 1:24:07]} 5. Nf3 {[%clk 1:31:13]} e6 {[%clk 1:23:40]} 6. Bb5 {[%clk
1:31:04]} Bd7 {[%clk 1:23:06]} 7. O-O {[%clk 1:31:08]} Bd6 {[%clk 1:20:52]} 8.
a4 {[%clk 1:31:13]} O-O {[%clk 1:19:50]} 9. Ne5 {[%clk 1:29:53]} Be8 {[%clk
1:14:37]} 10. d3 {[%clk 1:14:44]} Qc7 {[%clk 0:59:39]} 11. Bxc6 {[%clk
1:13:16]} bxc6 {[%clk 0:59:53]} 12. Nd2 {[%clk 0:57:59]} Nd7 {[%clk 0:55:58]}
13. Nxd7 {[%clk 0:57:51]} Bxd7 {[%clk 0:56:26]} 14. Qf3 {[%clk 0:52:26]} e5
{[%clk 0:52:44]} 15. Qg3 {[%clk 0:49:56]} Rae8 {[%clk 0:45:30]} 16. e4 {[%clk
0:44:27]} f5 {[%clk 0:41:14]} 17. Nf3 {[%clk 0:32:20]} d4 {[%clk 0:41:02]} 18.
fxe5 {[%clk 0:31:01]} Bxe5 {[%clk 0:41:02]} 19. Nxe5 {[%clk 0:31:24]} Qxe5
{[%clk 0:41:23]} 20. Qxe5 {[%clk 0:31:29]} Rxe5 {[%clk 0:41:48]} 21. exf5
{[%clk 0:31:26]} 1/2-1/2